000 00496nam a2200181Ia 4500
001 1619
005 20260306143741.0
008 260306t2012||||xx |||||||||||||| ||spa||
041 _aESP
082 _a153.85
_bM12
100 _aMcGonigal, Kelly
_eAUT
245 0 _aAutocontrol:
_bcómo funciona la voluntad, por qué es tan importante y qué podemos hacer para mejorarla
260 _c2012
300 _a319 páginas :
_c22 cm.
650 _aGEN
654 _aCPS
942 _cLIB
_dJUS
_fJUS
_2ddc
_n
999 _c1619
_d1619